| 000 | 00545nam a2200145 a 4500 | ||
|---|---|---|---|
| 008 | 120416s1991 ||||||||||||||||| || u | ||
| 020 | _a087322308X | ||
| 050 | _aBF 295 Sch | ||
| 100 | _aSchmidt, R. A | ||
| 245 | 1 | 0 | _aMotor learning and performance: from principles to practice |
| 260 |
_aIllinois _bHuman Kinetics Books _c1991 |
||
| 350 | _a0.00 | ||
| 650 | _aPHILOSOPHY | ||
| 995 |
_D0.00 _FCBU-MAIN LIBRARY (Kitwe) _H1 _I37.90 _M1 _UAVAILABLE _WMay 15, 2006 _ZMain Library Open Access Collection |
||
| 999 |
_c51726 _d51726 |
||